000 00523nam a2200169 a 4500
001 000040235
005 20201002034012.0
008 130819s1968 sp a 000 0 spa d
040 _aDO-SdBNP
_bspa
_cBNPHU
100 1 _aLaming-Emperaire, Annette
_966497
245 1 3 _aLa arqueología prehistórica /
_cAnnette Laming-Emperaire.
260 _aBarcelona :
_bEdiciones Martínez Roca,
_c1968.
300 _a191 p. :
_bils. ;
_c19 cm.
490 1 _aMicrocosmo
504 _aBibliografía : p. 191
830 0 _aMicrocosmo
_966498
999 _c39725
_d39725